000 00586nam a2200241Ia 4500
005 20250425162204.0
008 250425s9999 xx 000 0 und d
020 _a1845421930
041 _aeng
082 _a338.04
100 _aCASSON, MARK
245 0 _aTHE ENTREPRENEUR AN ECONOMIC THEORY
250 _a2ND ED.
260 _aEstados Unidos
_bEDWARD ELGAR PUBLISHING LIMITED
_c2003
260 _aNORTHAMPTON
300 _a271
650 _aEMPRENDEDORES
650 _aEMPRESARIOS
650 _aFUNCIONES
710 _aEDWARD ELGAR
942 _c01
010 _a54969
999 _c224139
_d224139